Does God Exist? (Record no. 3540)

MARC details
000 -LEADER
fixed length control field 00552nam a2200241 a 4500
020 ## - INTERNATIONAL STANDARD BOOK NUMBER
ISBN
082 00 - DEWEY DECIMAL CLASSIFICATION NUMBER
Classification number 231
Author Cutter TAY
100 ## - MAIN ENTRY--AUTHOR NAME
Author name Taylor, A E
245 ## - TITLE STATEMENT
Title Does God Exist?
260 ## - PUBLICATION, DISTRIBUTION, ETC. (IMPRINT)
Place of publication London
Name of publisher Fontana Books
Year of publication 1945
300 ## - PHYSICAL DESCRIPTION
Number of Pages 190p
500 ## - GENERAL NOTE
General note includes index and biblioraphy
505 2# - FORMATTED CONTENTS NOTE
Formatted contents note Index
650 ## - SUBJECT ADDED ENTRY--TOPICAL TERM
Topical Term God-Biblical Teaching
942 ## - ADDED ENTRY ELEMENTS (KOHA)
Koha item type Books
700 1# -
-- Taylor, A E
Holdings
Home library Current library Date acquired Cost, normal purchase price Full call number Accession Number Koha item type
Henry Martyn Institute Library Henry Martyn Institute Library 06/14/2007 100.00 231 TAY 8103 Archive Book
                   Copyright © 2026 | Henry Martyn Institute | Hyderabad | TS-500052 | INDIA | Implemented by hmi.edu.in
Hit-Count:

Powered by Koha